000 00891cam a22002771 4500
999 _c126275
_d126275
001 8016048
003 ARRUPE
005 20170310142120.0
008 740501s19661967ne b 000 0 eng
010 _a 67082051
015 _aNe67-2
035 _a(OCoLC)875631
040 _aDLC
_cOTU
_dOCoLC
_dDLC
042 _apremarc
050 0 0 _aB2430.M254
_bO4
082 _a111
100 1 _aO'Malley, John B.
_929314
245 1 4 _aThe fellowship of being:
_ban essay on the concept of person in the philosophy of Gabriel Marcel,
_cby John B. OM˓alley.
260 _aThe Hague,
_bMartinus Nijhoff,
_c1966 [1967]
300 _ax, 142 p.
_c24 cm.
504 _aBibliography: p. [ix]-x.
600 1 0 _aMarcel, Gabriel,
_d1889-1973.
_94472
650 0 _aPersonalism.
_92153
906 _a7
_bcbc
_coclcrpl
_du
_encip
_f19
_gy-gencatlg
942 _2lcc
_cMONOGRAPH